<?xml version="1.0" encoding="UTF-8"?>
<record
    xmlns:xsi="http://www.w3.org/2001/XMLSchema-instance"
    xsi:schemaLocation="http://www.loc.gov/MARC21/slim http://www.loc.gov/standards/marcxml/schema/MARC21slim.xsd"
    xmlns="http://www.loc.gov/MARC21/slim">

  <leader>01498nam a2200181   4500</leader>
  <controlfield tag="001">225</controlfield>
  <controlfield tag="005">20230411085952.0</controlfield>
  <controlfield tag="008">060907n19uu    dr                  spa  </controlfield>
  <datafield tag="035" ind1=" " ind2=" ">
    <subfield code="9">funglode226</subfield>
  </datafield>
  <datafield tag="041" ind1=" " ind2=" ">
    <subfield code="a">ES</subfield>
  </datafield>
  <datafield tag="100" ind1=" " ind2=" ">
    <subfield code="a">D&#xED;az A., Estrella</subfield>
  </datafield>
  <datafield tag="245" ind1="1" ind2=" ">
    <subfield code="a">Impactos del modelo exportador en los trabajadores y el medio ambiente :</subfield>
    <subfield code="b">An&#xE1;lisis de los sectores frut&#xED;cola y pesquero /</subfield>
    <subfield code="c">Estrella D&#xED;az A</subfield>
  </datafield>
  <datafield tag="260" ind1=" " ind2=" ">
    <subfield code="a">[s.l.] :</subfield>
    <subfield code="b">Universidad ARCIS,</subfield>
    <subfield code="c">[s.f.]    </subfield>
  </datafield>
  <datafield tag="300" ind1=" " ind2=" ">
    <subfield code="a">80 p.</subfield>
  </datafield>
  <datafield tag="504" ind1=" " ind2=" ">
    <subfield code="a">Bibliograf&#xED;a p. 67-70</subfield>
  </datafield>
  <datafield tag="520" ind1=" " ind2=" ">
    <subfield code="a">Principales cambios introducidos en el sector desde 1973, 1. -- Importancia y evoluci&#xF3;n econ&#xF3;mica del sector (Indicadores de crecimiento), 10. -- Impactos medioambientales producidos por la expansi&#xF3;n frut&#xED;cola, 13. -- Impactos de la expansi&#xF3;n frut&#xED;cola en las condiciones laborales de los trabajadores del sector, 20. -- La expansi&#xF3;n frut&#xED;cola y su relaci&#xF3;n con la seguridad alimantaria de la poblaci&#xF3;n, 27. -- Principales cambios introducidos en el sector desde 1973, 35. -- Especificidades productivas del sector pesquero, 37. -- Importancia y evoluci&#xF3;n del sector pesquero (Indicadores de crecimiento econ&#xF3;mico), 38. -- Impactos medioambientales producidos por la expansi&#xF3;n del sector pesquero, 43. -- Impactos de la expansi&#xF3;n pesquera en las condiciones laborales de los trabajadores del sector, 50. -- La l&#xF3;gica exportadora pesquera y el consumo nacional, 57. -- Conclusiones en torno a la sustentabilidad del modelo, 61. --</subfield>
  </datafield>
  <datafield tag="942" ind1=" " ind2=" ">
    <subfield code="2">lcc</subfield>
    <subfield code="c">bk</subfield>
  </datafield>
  <datafield tag="999" ind1=" " ind2=" ">
    <subfield code="c">110181</subfield>
    <subfield code="d">110181</subfield>
  </datafield>
  <datafield tag="952" ind1=" " ind2=" ">
    <subfield code="0">0</subfield>
    <subfield code="1">0</subfield>
    <subfield code="2">lcc</subfield>
    <subfield code="4">0</subfield>
    <subfield code="7">0</subfield>
    <subfield code="8">APT</subfield>
    <subfield code="a">BJB</subfield>
    <subfield code="b">BJB</subfield>
    <subfield code="c">APT</subfield>
    <subfield code="d">2019-02-17</subfield>
    <subfield code="l">0</subfield>
    <subfield code="p">00020010226</subfield>
    <subfield code="r">2019-02-17 00:00:00</subfield>
    <subfield code="t">1</subfield>
    <subfield code="w">2019-02-17</subfield>
    <subfield code="y">bk</subfield>
  </datafield>
</record>
